| 000 | 00578nam a2200181Ia 4500 | ||
|---|---|---|---|
| 008 | 090123s9999 xx 000 0 und d | ||
| 082 |
_b2012 _a891.463/आपटे |
||
| 100 | _aआपटे हरी नारायण | ||
| 245 | _aमायेचा बाझार | ||
| 250 | _a4 | ||
| 260 | _bआर्यभूषण | ||
| 300 | _a416 | ||
| 600 | _aआपटे हरी नारायण | ||
| 630 | _aमायेचा बाझार | ||
| 700 | _aआपटे हरी नारायण | ||
| 730 | _aमायेचा बाझार | ||
| 942 | _cBOOK | ||
| 999 |
_c40093 _d40093 |
||